[Event "Team Championship of Russia (rapid)"]
[Site "Sochi"]
[Date "2015.05.08"]
[Round "1.10"]
[White "Vavulin, Maksim"]
[Black "Lysyj, Igor"]
[Result "1/2-1/2"]
[LiveChessVersion "1.4.4"]
[BlackElo "2647"]
[WhiteElo "2307"]
[BlackTeam "Malachite"]
[WhiteTeam "Our heritage - Junior"]

1. e4 {[%clk 0:15:18]} e5 {[%clk 0:15:19]} 2. Nf3 {[%clk 0:15:27]} Nc6
{[%clk 0:15:28]} 3. Nc3 {[%clk 0:15:27]} Nf6 {[%clk 0:15:35]} 4. Be2
{[%clk 0:15:35]} Bd6 {[%clk 0:15:33]} 5. O-O {[%clk 0:15:33]} O-O
{[%clk 0:15:40]} 6. a3 {[%clk 0:12:35]} Re8 {[%clk 0:13:07]} 7. Bc4
{[%clk 0:12:39]} h6 {[%clk 0:13:11]} 8. d3 {[%clk 0:12:42]} Bf8 {[%clk 0:13:17]}
9. h3 {[%clk 0:10:40]} d6 {[%clk 0:13:24]} 10. Nh2 {[%clk 0:10:24]} Be6
{[%clk 0:13:07]} 11. Nd5 {[%clk 0:10:23]} Bxd5 {[%clk 0:12:29]} 12. exd5
{[%clk 0:10:31]} Ne7 {[%clk 0:12:38]} 13. Qf3 {[%clk 0:10:29]} Ng6
{[%clk 0:12:23]} 14. Bb5 {[%clk 0:09:55]} Nd7 {[%clk 0:12:04]} 15. Qf5
{[%clk 0:08:20]} Re7 {[%clk 0:12:12]} 16. Ng4 {[%clk 0:08:27]} a6
{[%clk 0:12:05]} 17. Bc4 {[%clk 0:08:10]} Nb6 {[%clk 0:10:32]} 18. Bb3
{[%clk 0:07:23]} Qd7 {[%clk 0:09:43]} 19. Qh5 {[%clk 0:07:26]} Nf4
{[%clk 0:09:41]} 20. Bxf4 {[%clk 0:07:21]} exf4 {[%clk 0:09:50]} 21. a4
{[%clk 0:06:17]} a5 {[%clk 0:09:51]} 22. Rfe1 {[%clk 0:05:36]} Rae8
{[%clk 0:09:42]} 23. Rxe7 {[%clk 0:05:44]} Qxe7 {[%clk 0:09:31]} 24. Qf5
{[%clk 0:05:30]} h5 {[%clk 0:06:39]} 25. Nh2 {[%clk 0:04:54]} Qe5
{[%clk 0:06:47]} 26. Qxe5 {[%clk 0:04:58]} dxe5 {[%clk 0:06:56]} 27. Nf3
{[%clk 0:04:57]} Bd6 {[%clk 0:07:04]} 28. Re1 {[%clk 0:04:44]} g6
{[%clk 0:06:23]} 29. Ng5 {[%clk 0:04:04]} Kg7 {[%clk 0:06:17]} 30. c3
{[%clk 0:04:10]} f5 {[%clk 0:06:11]} 31. Ne6+ {[%clk 0:04:07]} Kf6
{[%clk 0:06:19]} 32. Nxf4 {[%clk 0:03:57]} Nd7 {[%clk 0:04:54]} 33. Ne6
{[%clk 0:03:14]} Nc5 {[%clk 0:04:48]} 34. Bc4 {[%clk 0:03:16]} c6
{[%clk 0:04:08]} 35. Nxc5 {[%clk 0:02:39]} Bxc5 {[%clk 0:04:17]} 36. d4
{[%clk 0:02:31]} Bd6 {[%clk 0:04:11]} 37. dxc6 {[%clk 0:02:35]} bxc6
{[%clk 0:04:16]} 38. dxe5+ {[%clk 0:02:36]} Bxe5 {[%clk 0:03:42]} 39. Rd1
{[%clk 0:02:08]} h4 {[%clk 0:03:47]} 40. Kf1 {[%clk 0:01:32]} Rb8
{[%clk 0:03:26]} 41. Rd2 {[%clk 0:01:34]} Bf4 {[%clk 0:03:13]} 42. Re2
{[%clk 0:01:41]} Be5 {[%clk 0:03:18]} 43. Ke1 {[%clk 0:01:16]} g5
{[%clk 0:03:06]} 44. f3 {[%clk 0:00:51]} Rd8 {[%clk 0:01:22]} 45. Rd2
{[%clk 0:00:52]} Rxd2 {[%clk 0:01:20]} 46. Kxd2 {[%clk 0:01:01]} Bc7
{[%clk 0:01:29]} 47. Ba6 {[%clk 0:00:56]} c5 {[%clk 0:01:16]} 48. Bc8
{[%clk 0:00:34]} Ke5 {[%clk 0:01:21]} 49. Ke3 {[%clk 0:00:39]} f4+
{[%clk 0:01:01]} 50. Kd3 {[%clk 0:00:43]} Bd8 {[%clk 0:01:08]} 51. Kc4
{[%clk 0:00:44]} Kd6 {[%clk 0:01:17]} 52. Bf5 {[%clk 0:00:35]} Bc7
{[%clk 0:00:52]} 53. Be4 {[%clk 0:00:41]} Bd8 {[%clk 0:01:01]} 54. Kb5
{[%clk 0:00:48]} Bc7 {[%clk 0:01:04]} 55. Ba8 {[%clk 0:00:24]} Bd8
{[%clk 0:01:10]} 56. Bb7 {[%clk 0:00:31]} Bc7 {[%clk 0:01:16]} 57. Be4
{[%clk 0:00:39]} Bd8 {[%clk 0:01:25]} 58. Bh7 {[%clk 0:00:19]} Bc7
{[%clk 0:01:30]} 59. Bg6 {[%clk 0:00:23]} Bd8 {[%clk 0:01:39]} 60. b4
{[%clk 0:00:18]} cxb4 {[%clk 0:01:44]} 61. cxb4 {[%clk 0:00:28]} axb4
{[%clk 0:01:43]} 62. a5 {[%clk 0:00:30]} Kc7 {[%clk 0:01:50]} 63. a6
{[%clk 0:00:29]} Kb8 {[%clk 0:01:56]} 64. Kxb4 1/2-1/2

[Event "Team Championship of Russia (rapid)"]
[Site "Sochi"]
[Date "2015.05.08"]
[Round "1.11"]
[White "Riazantsev, Alexander"]
[Black "Savenkov, Konstantin"]
[Result "1-0"]
[LiveChessVersion "1.4.4"]
[BlackElo "2278"]
[WhiteElo "2605"]
[BlackTeam "Our heritage - Junior"]
[WhiteTeam "Malachite"]

1. d4 {[%clk 0:15:17]} Nf6 {[%clk 0:15:19]} 2. c4 {[%clk 0:15:26]} d6
{[%clk 0:15:28]} 3. Nc3 {[%clk 0:15:35]} e5 {[%clk 0:15:33]} 4. d5
{[%clk 0:15:44]} g6 {[%clk 0:15:10]} 5. e4 {[%clk 0:15:50]} Bg7 {[%clk 0:15:18]}
6. f3 {[%clk 0:15:43]} O-O {[%clk 0:14:55]} 7. Bg5 {[%clk 0:15:45]} c6
{[%clk 0:11:32]} 8. Qd2 {[%clk 0:15:49]} h6 {[%clk 0:10:50]} 9. Be3
{[%clk 0:15:54]} cxd5 {[%clk 0:10:26]} 10. cxd5 {[%clk 0:16:02]} Nbd7
{[%clk 0:09:15]} 11. O-O-O {[%clk 0:16:09]} Kh7 {[%clk 0:08:43]} 12. g4
{[%clk 0:16:18]} Ne8 {[%clk 0:08:29]} 13. h4 {[%clk 0:16:26]} a6 {[%clk 0:08:14]}
14. Kb1 {[%clk 0:16:27]} b5 {[%clk 0:08:22]} 15. Rc1 {[%clk 0:15:31]} Nc5
{[%clk 0:07:29]} 16. h5 {[%clk 0:15:13]} g5 {[%clk 0:07:20]} 17. Nh3
{[%clk 0:14:53]} f6 {[%clk 0:07:13]} 18. Nf2 {[%clk 0:14:59]} Rf7
{[%clk 0:06:46]} 19. Nd3 {[%clk 0:15:02]} Nxd3 {[%clk 0:06:49]} 20. Bxd3
{[%clk 0:15:11]} Qd7 {[%clk 0:05:56]} 21. a3 {[%clk 0:15:07]} Qb7
{[%clk 0:05:59]} 22. Na2 {[%clk 0:14:43]} a5 {[%clk 0:05:38]} 23. Rc6
{[%clk 0:14:50]} Qb8 {[%clk 0:04:34]} 24. Rhc1 {[%clk 0:14:50]} Rc7
{[%clk 0:04:25]} 25. Rb6 {[%clk 0:13:41]} Rb7 {[%clk 0:04:28]} 26. Rxb7
{[%clk 0:13:39]} Qxb7 {[%clk 0:04:36]} 27. Rc6 {[%clk 0:13:48]} b4
{[%clk 0:03:45]} 28. axb4 {[%clk 0:13:56]} axb4 {[%clk 0:03:49]} 29. Qxb4
{[%clk 0:13:53]} Qd7 {[%clk 0:03:48]} 30. Nc3 {[%clk 0:13:34]} Bf8
{[%clk 0:03:33]} 31. Na4 {[%clk 0:13:40]} Qd8 {[%clk 0:03:42]} 32. Nb6
{[%clk 0:13:40]} Rb8 {[%clk 0:03:45]} 33. Qa4 {[%clk 0:11:52]} Bb7
{[%clk 0:03:35]} 34. Rc3 {[%clk 0:12:00]} Be7 {[%clk 0:03:17]} 35. Rb3
{[%clk 0:11:19]} Qc7 {[%clk 0:02:54]} 36. Qd7 {[%clk 0:10:55]} Ba6
{[%clk 0:02:11]} 37. Qf5+ {[%clk 0:10:56]} Bf8 {[%clk 0:02:08]} 1-0

[Event "Team Championship of Russia (rapid)"]
[Site "Sochi"]
[Date "2015.05.08"]
[Round "1.12"]
[White "Shuvalova, Polina"]
[Black "Motylev, Alexander"]
[Result "0-1"]
[LiveChessVersion "1.4.4"]
[BlackElo "2431"]
[WhiteElo "2269"]
[BlackTeam "Malachite"]
[WhiteTeam "Our heritage - Junior"]

1. e4 {[%clk 0:15:18]} c6 {[%clk 0:15:19]} 2. d4 {[%clk 0:15:27]} d5
{[%clk 0:15:28]} 3. e5 {[%clk 0:15:35]} Bf5 {[%clk 0:15:36]} 4. Nc3
{[%clk 0:15:44]} e6 {[%clk 0:15:41]} 5. g4 {[%clk 0:15:52]} Bg6 {[%clk 0:15:49]}
6. Nge2 {[%clk 0:16:01]} f6 {[%clk 0:15:44]} 7. Nf4 {[%clk 0:16:08]} Bf7
{[%clk 0:15:53]} 8. Qe2 {[%clk 0:16:03]} fxe5 {[%clk 0:15:44]} 9. Qxe5
{[%clk 0:16:10]} Nd7 {[%clk 0:15:50]} 10. Qe2 {[%clk 0:15:35]} Qf6
{[%clk 0:15:51]} 11. g5 {[%clk 0:12:33]} Qxd4 {[%clk 0:15:56]} 12. Nxe6
{[%clk 0:12:40]} Bxe6 {[%clk 0:16:05]} 13. Qxe6+ {[%clk 0:12:48]} Ne7
{[%clk 0:16:14]} 14. Be3 {[%clk 0:11:50]} Qe5 {[%clk 0:16:17]} 15. Bh3
{[%clk 0:11:47]} Qxe6 {[%clk 0:15:57]} 16. Bxe6 {[%clk 0:11:55]} Ng6
{[%clk 0:15:46]} 17. O-O-O {[%clk 0:08:28]} Be7 {[%clk 0:15:54]} 18. h4
{[%clk 0:07:35]} Rf8 {[%clk 0:15:43]} 19. Ne2 {[%clk 0:05:43]} Nc5
{[%clk 0:14:11]} 20. Bxc5 {[%clk 0:02:54]} Bxc5 {[%clk 0:14:20]} 21. h5
{[%clk 0:03:02]} Nf4 {[%clk 0:14:05]} 22. Nxf4 {[%clk 0:02:27]} Rxf4
{[%clk 0:14:14]} 23. g6 {[%clk 0:02:16]} hxg6 {[%clk 0:13:23]} 24. hxg6
{[%clk 0:02:24]} Ke7 {[%clk 0:13:32]} 25. Bf7 {[%clk 0:02:10]} Bxf2
{[%clk 0:13:38]} 26. a3 {[%clk 0:02:00]} Kd6 {[%clk 0:13:00]} 27. Rh7
{[%clk 0:01:38]} Bd4 {[%clk 0:13:08]} 28. Re1 {[%clk 0:01:17]} Re4
{[%clk 0:12:03]} 29. Rxe4 {[%clk 0:01:11]} dxe4 {[%clk 0:12:12]} 30. c3
{[%clk 0:01:21]} Bf6 {[%clk 0:12:19]} 31. Kd2 {[%clk 0:01:17]} Ke5
{[%clk 0:12:25]} 32. Rh5+ {[%clk 0:00:48]} Kf4 {[%clk 0:12:32]} 33. Be6
{[%clk 0:00:55]} Bg5 {[%clk 0:12:36]} 34. Ke2 {[%clk 0:01:01]} Rd8
{[%clk 0:12:39]} 35. a4 {[%clk 0:00:37]} e3 {[%clk 0:12:43]} 36. b3
{[%clk 0:00:32]} Rd2+ {[%clk 0:12:51]} 37. Ke1 {[%clk 0:00:37]} Rc2
{[%clk 0:12:25]} 38. Bc4 {[%clk 0:00:29]} Bf6 {[%clk 0:12:11]} 39. Rh8
{[%clk 0:00:15]} Bxc3+ {[%clk 0:12:13]} 40. Kf1 {[%clk 0:00:19]} Kg3
{[%clk 0:11:57]} 41. Rf8 {[%clk 0:00:20]} e2+ {[%clk 0:11:58]} 42. Bxe2
{[%clk 0:00:26]} Rc1+ {[%clk 0:12:07]} 43. Bd1 {[%clk 0:00:34]} Rxd1+
{[%clk 0:12:15]} 44. Ke2 {[%clk 0:00:43]} Rd2+ {[%clk 0:12:15]} 45. Ke3
{[%clk 0:00:50]} Rd6 {[%clk 0:12:19]} 46. Rf7 {[%clk 0:00:56]} Rxg6
{[%clk 0:12:21]} 47. Kd3 {[%clk 0:01:02]} Bb4 {[%clk 0:12:20]} 48. Rxb7
{[%clk 0:01:08]} a5 {[%clk 0:12:29]} 49. Kd4 0-1

[Event "Team Championship of Russia (rapid)"]
[Site "Sochi"]
[Date "2015.05.08"]
[Round "1.13"]
[White "Glek, Igor"]
[Black "Zvjaginsev, Vadim"]
[Result "1/2-1/2"]
[LiveChessVersion "1.4.4"]
[BlackElo "2799"]
[WhiteElo "2551"]
[BlackTeam "SHSM-Our Heritage-2"]
[WhiteTeam "Academy Glek"]

1. e4 {[%clk 0:15:17]} c5 {[%clk 0:15:18]} 2. Nf3 {[%clk 0:15:26]} Nf6
{[%clk 0:15:25]} 3. e5 {[%clk 0:15:05]} Nd5 {[%clk 0:15:34]} 4. g3
{[%clk 0:14:44]} Nc6 {[%clk 0:15:41]} 5. Bg2 {[%clk 0:14:52]} g6 {[%clk 0:15:49]}
6. O-O {[%clk 0:14:51]} Bg7 {[%clk 0:15:55]} 7. Re1 {[%clk 0:15:00]} O-O
{[%clk 0:15:53]} 8. d4 {[%clk 0:14:55]} cxd4 {[%clk 0:15:43]} 9. Nxd4
{[%clk 0:15:03]} Nc7 {[%clk 0:15:28]} 10. Nf3 {[%clk 0:14:39]} d6
{[%clk 0:14:20]} 11. exd6 {[%clk 0:14:43]} Qxd6 {[%clk 0:14:28]} 12. Qxd6
{[%clk 0:14:47]} exd6 {[%clk 0:14:37]} 13. c3 {[%clk 0:14:54]} d5
{[%clk 0:13:55]} 14. Nbd2 {[%clk 0:14:32]} Ne6 {[%clk 0:12:41]} 15. Nb3
{[%clk 0:14:37]} a5 {[%clk 0:12:41]} 16. Be3 {[%clk 0:12:21]} a4 {[%clk 0:12:46]}
17. Nbd4 {[%clk 0:12:30]} Nexd4 {[%clk 0:12:12]} 18. Nxd4 {[%clk 0:12:31]} Nxd4
{[%clk 0:12:09]} 19. Bxd4 {[%clk 0:12:39]} Bxd4 {[%clk 0:12:18]} 20. cxd4
{[%clk 0:12:48]} Be6 {[%clk 0:12:26]} 21. Rac1 {[%clk 0:12:35]} Rfc8
{[%clk 0:12:10]} 22. a3 {[%clk 0:12:25]} Kf8 {[%clk 0:09:41]} 23. Kf1
{[%clk 0:12:25]} Rc6 {[%clk 0:09:32]} 24. Rc3 {[%clk 0:09:53]} Rb6
{[%clk 0:05:39]} 25. Re2 {[%clk 0:04:45]} Ra5 {[%clk 0:05:46]} 26. Ke1
{[%clk 0:04:46]} Rab5 {[%clk 0:05:49]} 27. b4 {[%clk 0:04:08]} axb3
{[%clk 0:05:46]} 28. Rb2 {[%clk 0:04:17]} Ra5 {[%clk 0:03:28]} 29. Rbxb3
{[%clk 0:04:00]} Rxb3 {[%clk 0:03:00]} 30. Rxb3 {[%clk 0:04:09]} Ra4
{[%clk 0:03:09]} 31. Rxb7 {[%clk 0:04:03]} Rxa3 {[%clk 0:03:15]} 32. Rb5
{[%clk 0:03:59]} Ra4 {[%clk 0:03:01]} 33. Bxd5 {[%clk 0:04:06]} Rxd4
{[%clk 0:03:09]} 34. Bxe6 {[%clk 0:04:14]} Re4+ {[%clk 0:03:18]} 1/2-1/2

[Event "Team Championship of Russia (rapid)"]
[Site "Sochi"]
[Date "2015.05.08"]
[Round "1.14"]
[White "Dubov, Daniil"]
[Black "Sychev, Klementy"]
[Result "1/2-1/2"]
[LiveChessVersion "1.4.4"]
[BlackElo "2400"]
[WhiteElo "2686"]
[BlackTeam "Academy Glek"]
[WhiteTeam "SHSM-Our Heritage-2"]

1. d4 {[%clk 0:15:17]} d5 {[%clk 0:15:20]} 2. c4 {[%clk 0:15:26]} c6
{[%clk 0:15:29]} 3. Nf3 {[%clk 0:15:35]} Nf6 {[%clk 0:15:38]} 4. Nc3
{[%clk 0:15:39]} a6 {[%clk 0:15:48]} 5. g3 {[%clk 0:15:45]} e6 {[%clk 0:15:17]}
6. Bg2 {[%clk 0:15:52]} dxc4 {[%clk 0:15:26]} 7. Ne5 {[%clk 0:15:42]} b5
{[%clk 0:15:17]} 8. O-O {[%clk 0:15:49]} Bb7 {[%clk 0:15:13]} 9. b3
{[%clk 0:15:59]} cxb3 {[%clk 0:14:52]} 10. axb3 {[%clk 0:16:07]} Be7
{[%clk 0:15:01]} 11. Bb2 {[%clk 0:16:16]} O-O {[%clk 0:15:08]} 12. Ne4
{[%clk 0:16:25]} Nfd7 {[%clk 0:06:53]} 13. Nd3 {[%clk 0:16:31]} a5
{[%clk 0:06:59]} 14. Qd2 {[%clk 0:16:03]} Na6 {[%clk 0:05:40]} 15. Rfc1
{[%clk 0:15:06]} Nb4 {[%clk 0:05:09]} 16. Nec5 {[%clk 0:14:52]} Nxc5
{[%clk 0:05:00]} 17. Nxc5 {[%clk 0:14:58]} Bxc5 {[%clk 0:04:44]} 18. Rxc5
{[%clk 0:15:05]} Nd5 {[%clk 0:04:43]} 19. h4 {[%clk 0:14:54]} f5 {[%clk 0:04:01]}
20. e4 {[%clk 0:14:35]} fxe4 {[%clk 0:04:10]} 21. Bxe4 {[%clk 0:14:44]} Ra6
{[%clk 0:03:42]} 22. Qd3 {[%clk 0:14:26]} Nf6 {[%clk 0:03:24]} 23. Bg2
{[%clk 0:14:34]} Nd5 {[%clk 0:03:32]} 24. Bh3 {[%clk 0:13:55]} Qf6
{[%clk 0:03:40]} 25. Qe2 {[%clk 0:14:04]} Kh8 {[%clk 0:03:32]} 26. f4
{[%clk 0:13:42]} Bc8 {[%clk 0:02:12]} 27. Bg2 {[%clk 0:13:44]} Bd7
{[%clk 0:02:05]} 28. Be4 {[%clk 0:13:33]} Be8 {[%clk 0:01:26]} 29. h5
{[%clk 0:13:08]} Bd7 {[%clk 0:01:11]} 30. Bc2 {[%clk 0:12:46]} Raa8
{[%clk 0:00:47]} 31. Kg2 {[%clk 0:12:23]} Be8 {[%clk 0:00:22]} 32. Rf1
{[%clk 0:12:01]} Qh6 {[%clk 0:00:13]} 33. Rh1 {[%clk 0:11:49]} a4
{[%clk 0:00:19]} 34. bxa4 {[%clk 0:11:53]} bxa4 {[%clk 0:00:29]} 35. Ba3
{[%clk 0:11:49]} Bd7 {[%clk 0:00:20]} 36. Qe4 {[%clk 0:11:38]} Nxf4+
{[%clk 0:00:17]} 37. gxf4 {[%clk 0:11:28]} Rxf4 {[%clk 0:00:25]} 38. Qe2
{[%clk 0:10:48]} Raf8 {[%clk 0:00:33]} 39. Bc1 {[%clk 0:10:35]} Rf2+
{[%clk 0:00:28]} 40. Qxf2 {[%clk 0:10:44]} Rxf2+ {[%clk 0:00:36]} 41. Kxf2 Qf6+
42. Ke3 {[%clk 0:11:02]} Qf8 {[%clk 0:00:13]} 43. Bd3 {[%clk 0:11:05]} Qb8
{[%clk 0:00:19]} 44. Re5 {[%clk 0:11:05]} c5 {[%clk 0:00:25]} 45. Ba3
{[%clk 0:10:12]} cxd4+ {[%clk 0:00:24]} 46. Kxd4 {[%clk 0:10:21]} Qb6+
{[%clk 0:00:20]} 47. Rc5 {[%clk 0:10:03]} e5+ {[%clk 0:00:24]} 48. Kxe5
{[%clk 0:05:16]} Qf6+ {[%clk 0:00:20]} 49. Kd5 {[%clk 0:05:21]} Qf3+
{[%clk 0:00:24]} 50. Be4 {[%clk 0:05:29]} Qxa3 {[%clk 0:00:32]} 51. Rf1
{[%clk 0:05:30]} Qb3+ {[%clk 0:00:15]} 52. Kd6 {[%clk 0:05:29]} Qe6+
{[%clk 0:00:22]} 53. Kc7 {[%clk 0:05:34]} Qe7 {[%clk 0:00:27]} 54. Kb6
{[%clk 0:05:09]} Qd6+ {[%clk 0:00:17]} 55. Bc6 {[%clk 0:05:15]} Qb8+
{[%clk 0:00:18]} 56. Bb7 {[%clk 0:04:55]} Qd6+ {[%clk 0:00:24]} 57. Bc6
{[%clk 0:05:04]} Qb8+ {[%clk 0:00:15]} 58. Bb7 {[%clk 0:05:13]} Qd6+
{[%clk 0:00:24]} 59. Bc6 {[%clk 0:05:22]} Qb8+ {[%clk 0:00:24]} 60. Ka5
{[%clk 0:05:12]} Qc7+ {[%clk 0:00:19]} 61. Kb4 {[%clk 0:05:21]} Qb8+
{[%clk 0:00:19]} 62. Ka5 {[%clk 0:05:01]} Qc7+ {[%clk 0:00:18]} 63. Kb4
{[%clk 0:03:59]} Qb8+ {[%clk 0:00:25]} 64. Kxa4 {[%clk 0:03:58]} Bxc6+
{[%clk 0:00:16]} 65. Rxc6 {[%clk 0:04:07]} h6 {[%clk 0:00:21]} 66. Rf5
{[%clk 0:03:46]} Qd8 {[%clk 0:00:23]} 67. Rfc5 {[%clk 0:03:49]} Qd1+
{[%clk 0:00:27]} 68. Ka5 {[%clk 0:03:58]} Kh7 {[%clk 0:00:32]} 69. Rc7
{[%clk 0:03:59]} Qd8 {[%clk 0:00:36]} 70. Kb5 {[%clk 0:04:04]} Qe8+
{[%clk 0:00:40]} 71. Kb4 {[%clk 0:04:12]} Qe4+ {[%clk 0:00:47]} 72. Ka5
{[%clk 0:04:16]} Qa8+ {[%clk 0:00:48]} 73. Kb6 {[%clk 0:04:25]} Qd8
{[%clk 0:00:57]} 74. Kb7 {[%clk 0:04:32]} Qd4 {[%clk 0:00:58]} 75. Rb5
{[%clk 0:04:29]} Qe4+ {[%clk 0:01:03]} 76. Rc6 {[%clk 0:04:38]} Qe7+
{[%clk 0:01:10]} 77. Kb6 {[%clk 0:04:29]} Qd8+ {[%clk 0:01:17]} 78. Rc7
{[%clk 0:04:33]} Qb8+ {[%clk 0:01:20]} 79. Kc6 Qe8+ 80. Kb6 {[%clk 0:04:39]} Qb8+
{[%clk 0:01:38]} 81. Kc6 {[%clk 0:04:49]} Qe8+ {[%clk 0:01:47]} 82. Kb6
{[%clk 0:04:35]} Qb8+ {[%clk 0:01:55]} 83. Kc6 {[%clk 0:04:14]} Qe8+
{[%clk 0:02:04]} 84. Rd7 {[%clk 0:04:13]} Qc8+ {[%clk 0:01:50]} 85. Rc7
{[%clk 0:04:06]} Qe8+ {[%clk 0:01:58]} 1/2-1/2

[Event "Team Championship of Russia (rapid)"]
[Site "Sochi"]
[Date "2015.05.08"]
[Round "1.15"]
[White "Alikulov, Elbek"]
[Black "Potkin, Vladimir"]
[Result "1-0"]
[LiveChessVersion "1.4.4"]
[BlackElo "2676"]
[WhiteElo "2357"]
[BlackTeam "SHSM-Our Heritage-2"]
[WhiteTeam "Academy Glek"]

1. e4 {[%clk 0:15:16]} c5 {[%clk 0:15:19]} 2. Nf3 {[%clk 0:15:24]} e6
{[%clk 0:15:27]} 3. d4 {[%clk 0:15:28]} cxd4 {[%clk 0:15:35]} 4. Nxd4
{[%clk 0:15:35]} Nc6 {[%clk 0:15:44]} 5. Nc3 {[%clk 0:15:41]} Qc7
{[%clk 0:15:52]} 6. f4 {[%clk 0:15:44]} a6 {[%clk 0:15:54]} 7. Nxc6
{[%clk 0:15:45]} bxc6 {[%clk 0:16:02]} 8. Bd3 {[%clk 0:15:50]} d5
{[%clk 0:16:09]} 9. O-O {[%clk 0:15:55]} Nf6 {[%clk 0:16:17]} 10. Qe2
{[%clk 0:16:02]} Be7 {[%clk 0:16:23]} 11. Kh1 {[%clk 0:16:07]} Bb7
{[%clk 0:16:20]} 12. Bd2 {[%clk 0:15:08]} O-O {[%clk 0:16:02]} 13. Rae1
{[%clk 0:14:55]} Nd7 {[%clk 0:15:56]} 14. e5 {[%clk 0:13:59]} c5 {[%clk 0:12:04]}
15. b3 {[%clk 0:12:12]} g6 {[%clk 0:10:54]} 16. Qg4 {[%clk 0:11:55]} c4
{[%clk 0:10:38]} 17. bxc4 {[%clk 0:11:27]} dxc4 {[%clk 0:10:46]} 18. Be4
{[%clk 0:11:28]} Rfd8 {[%clk 0:10:13]} 19. Bxb7 {[%clk 0:10:22]} Qxb7
{[%clk 0:10:22]} 20. Ne4 {[%clk 0:10:27]} Nc5 {[%clk 0:09:52]} 21. Nxc5
{[%clk 0:09:30]} Bxc5 {[%clk 0:10:00]} 22. Ba5 {[%clk 0:09:13]} Rd5
{[%clk 0:08:56]} 23. Rd1 {[%clk 0:08:25]} Bd4 {[%clk 0:08:29]} 24. Be1
{[%clk 0:08:08]} h5 {[%clk 0:08:20]} 25. Qf3 {[%clk 0:08:06]} Bb6
{[%clk 0:06:54]} 26. f5 {[%clk 0:07:05]} gxf5 {[%clk 0:03:36]} 27. Rb1
{[%clk 0:07:14]} Qc6 {[%clk 0:01:16]} 28. Bh4 {[%clk 0:06:57]} Kf8
{[%clk 0:00:21]} 29. Qxh5 {[%clk 0:06:42]} Ke8 {[%clk 0:00:30]} 30. Rxb6
{[%clk 0:06:30]} Qxb6 {[%clk 0:00:39]} 31. Qh8+ {[%clk 0:06:39]} Kd7
{[%clk 0:00:48]} 32. Qxa8 {[%clk 0:06:47]} Rd2 {[%clk 0:00:45]} 33. Qf8
{[%clk 0:06:25]} Kc6 {[%clk 0:00:20]} 34. Qc8+ {[%clk 0:06:20]} Kb5
{[%clk 0:00:12]} 35. a4+ {[%clk 0:05:34]} Kb4 {[%clk 0:00:14]} 36. Be1
{[%clk 0:05:11]} c3 {[%clk 0:00:23]} 37. Bxd2 {[%clk 0:04:59]} cxd2
{[%clk 0:00:31]} 38. Rb1+ {[%clk 0:04:54]} 1-0

[Event "Team Championship of Russia (rapid)"]
[Site "Sochi"]
[Date "2015.05.08"]
[Round "1.16"]
[White "Popov, Ivan"]
[Black "Vdovin, Vadim"]
[Result "1-0"]
[LiveChessVersion "1.4.4"]
[BlackElo "2175"]
[WhiteElo "2701"]
[BlackTeam "Academy Glek"]
[WhiteTeam "SHSM-Our Heritage-2"]

1. e4 {[%clk 0:15:18]} e5 {[%clk 0:15:19]} 2. Nf3 {[%clk 0:15:26]} Nc6
{[%clk 0:15:29]} 3. Bb5 {[%clk 0:15:34]} a6 {[%clk 0:15:38]} 4. Ba4
{[%clk 0:15:42]} Nf6 {[%clk 0:15:46]} 5. O-O {[%clk 0:15:50]} Be7
{[%clk 0:15:55]} 6. d3 {[%clk 0:15:59]} d6 {[%clk 0:15:14]} 7. c3
{[%clk 0:16:07]} O-O {[%clk 0:15:19]} 8. Re1 {[%clk 0:16:14]} Re8
{[%clk 0:14:10]} 9. Nbd2 {[%clk 0:15:55]} Bf8 {[%clk 0:14:18]} 10. Nf1
{[%clk 0:15:40]} g6 {[%clk 0:13:41]} 11. Ng3 {[%clk 0:15:19]} Bg7
{[%clk 0:13:49]} 12. h3 {[%clk 0:15:27]} Nd7 {[%clk 0:13:29]} 13. Bg5
{[%clk 0:15:14]} Ne7 {[%clk 0:11:52]} 14. d4 {[%clk 0:15:15]} b5 {[%clk 0:11:29]}
15. Bb3 {[%clk 0:15:13]} h6 {[%clk 0:09:43]} 16. Be3 {[%clk 0:15:16]} c5
{[%clk 0:09:01]} 17. Qd2 {[%clk 0:13:43]} c4 {[%clk 0:08:09]} 18. Bc2
{[%clk 0:13:51]} Kh7 {[%clk 0:08:12]} 19. h4 {[%clk 0:13:45]} Qc7
{[%clk 0:08:00]} 20. h5 {[%clk 0:13:47]} Nf6 {[%clk 0:07:56]} 21. hxg6+
{[%clk 0:13:15]} fxg6 {[%clk 0:07:57]} 22. Nh2 {[%clk 0:12:58]} Rf8
{[%clk 0:06:36]} 23. f4 {[%clk 0:13:01]} Ng4 {[%clk 0:05:32]} 24. Nxg4
{[%clk 0:13:00]} Bxg4 {[%clk 0:05:41]} 25. Rf1 {[%clk 0:12:34]} Ng8
{[%clk 0:04:58]} 26. f5 {[%clk 0:12:20]} Rf6 {[%clk 0:04:07]} 27. a4
{[%clk 0:12:10]} Re8 {[%clk 0:03:13]} 28. axb5 {[%clk 0:12:15]} axb5
{[%clk 0:03:20]} 29. dxe5 {[%clk 0:10:53]} dxe5 {[%clk 0:03:24]} 30. Ra7
{[%clk 0:11:00]} Qc6 {[%clk 0:02:43]} 31. fxg6+ {[%clk 0:09:38]} Kxg6
{[%clk 0:02:40]} 32. Nf5 {[%clk 0:09:40]} Bxf5 {[%clk 0:02:29]} 33. exf5+
{[%clk 0:09:47]} Kh7 {[%clk 0:02:38]} 34. Qe2 {[%clk 0:08:58]} Re7
{[%clk 0:02:35]} 35. Rxe7 {[%clk 0:08:39]} Nxe7 {[%clk 0:02:44]} 36. Qg4
{[%clk 0:08:48]} Nd5 {[%clk 0:02:42]} 37. Bf2 {[%clk 0:08:14]} Nf4
{[%clk 0:02:41]} 38. Bh4 {[%clk 0:08:12]} Bf8 {[%clk 0:01:15]} 39. Bxf6
{[%clk 0:07:24]} Qxf6 {[%clk 0:01:20]} 40. g3 {[%clk 0:06:49]} Bc5+
{[%clk 0:00:58]} 41. Kh1 {[%clk 0:06:58]} Nd5 {[%clk 0:00:23]} 42. Qg6+
{[%clk 0:06:59]} Qxg6 {[%clk 0:00:15]} 43. fxg6+ {[%clk 0:07:07]} Kg8
{[%clk 0:00:24]} 44. Be4 {[%clk 0:07:05]} Ne3 {[%clk 0:00:28]} 45. Rf7
{[%clk 0:07:01]} Ng4 {[%clk 0:00:31]} 46. Bd5 {[%clk 0:06:58]} 1-0